| 000 | 00899nam a2200277Ia 4500 | ||
|---|---|---|---|
| 001 | 61731772 | ||
| 003 | OCoLC | ||
| 005 | 20170630152038.0 | ||
| 008 | 050929s2005 nyua j 000 0 spa d | ||
| 020 | _a0439783461 (pbk.) | ||
| 020 | _a9780439783460 (pbk.) | ||
| 040 |
_aJBO _cJBO _dBAKER _dCO2 |
||
| 041 | _aspa | ||
| 049 | _aCO2A | ||
| 092 |
_eSPA J _a398.961 _bLONGO |
||
| 100 | 1 | _aLongo, Alejandra. | |
| 245 | 1 | 0 |
_aRefranes / _cAlejandra Longo ; ilustraciones, Daniel Chaskielberg ; dese©ło, Andr©♭s Sobrino. |
| 246 |
_aRefranes : _bal mal tiempo, buena cara |
||
| 260 |
_aNew York : _bScholastic, _c2005. |
||
| 300 |
_a1 v. (unpaged) : _bcol. ill. ; _c21 cm. |
||
| 500 | _a"Scholastic en Espanol"--Cover. | ||
| 650 | 0 |
_aProverbs, Spanish _vJuvenile literature. |
|
| 650 | 7 |
_aProverbios espanoles _vLiteratura juvenil. _2bidex. |
|
| 690 | _aSpanish language materials. | ||
| 942 | _cBK | ||
| 999 |
_c17961 _d17961 |
||